[Event "LSS WC-2010-F-00009"]
[Site "LSS email"]
[Date "2010.11.17"]
[Round "?"]
[White "Balcazar Novoa, Luis Marcos"]
[Black "Koslovska, Maria"]
[Result "1-0"]
[WhiteElo "1969"]
[BlackElo "1841"]
[PlyCount "57"]
[EventDate "2010.11.23"]
[EventType "tourn (corr)"]
[EventRounds "10"]
[EventCountry "GER"]
[SourceTitle "Telechess CBM 157"]
[Source "ChessBase"]
[SourceDate "2013.11.12"]
[SourceVersion "1"]
[SourceVersionDate "2013.11.12"]
[SourceQuality "1"]

1. e4 e6 2. d4 d5 3. Nc3 Nf6 4. Bg5 dxe4 5. Nxe4 Be7 6. Bxf6 Bxf6 7. Nf3 Nd7 8. Qd2 0-0 9. 0-0-0 Be7 10. Bd3 b6 11. h4 Bb7 12. c3 a5 13. Neg5 h6 14. Bh7+ Kh8 15. Bb1 Nf6 16. Qc2 Bxf3 17. Nxf3 Bd6 18. Ne5 h5 19. g4 hxg4 20. Rhg1 c5 21. Rxg4 cxd4 22. Rgxd4 Bxe5 23. Rxd8 Raxd8 24. Qa4 g6 25. Bc2 Kg7 26. Rxd8 Rxd8 27. Qb5 Bc7 28. Qc4 Bd6 29. a3 1-0

[Event "LSS WC-2010-F-00009"]
[Site "LSS email"]
[Date "2010.11.17"]
[Round "?"]
[White "Koslovska, Maria"]
[Black "Avdeev, Sergey"]
[Result "0-1"]
[WhiteElo "1841"]
[BlackElo "2034"]
[PlyCount "60"]
[EventDate "2010.11.23"]
[EventType "tourn (corr)"]
[EventRounds "10"]
[EventCountry "GER"]
[SourceTitle "Telechess CBM 157"]
[Source "ChessBase"]
[SourceDate "2013.11.12"]
[SourceVersion "1"]
[SourceVersionDate "2013.11.12"]
[SourceQuality "1"]

1. e4 c5 2. Nf3 Nc6 3. Nc3 e6 4. d4 cxd4 5. Nxd4 Qc7 6. Be2 a6 7. 0-0 Nf6 8. Kh1 Nxd4 9. Qxd4 Bc5 10. Qd3 b5 11. Bf3 Rb8 12. Bg5 Be7 13. g3 b4 14. Nd1 0-0 15. Re1 Bb7 16. Kg1 Qc5 17. e5 Bxf3 18. exf6 gxf6 19. Bf4 Ba8 20. Bxb8 Rxb8 21. Rf1 f5 22. Qd2 Bf6 23. Rb1 Bd4 24. Ne3 f4 25. gxf4 Qh5 26. f3 e5 27. fxe5 Qg5+ 28. Kf2 Qxe5 29. Rg1+ Kh8 30. Rg3 Re8 0-1

[Event "LSS WC-2010-F-00009"]
[Site "LSS email"]
[Date "2010.11.17"]
[Round "?"]
[White "Koslovska, Maria"]
[Black "Wisham, Clyde"]
[Result "0-1"]
[WhiteElo "1841"]
[BlackElo "1844"]
[PlyCount "43"]
[EventDate "2010.11.23"]
[EventType "tourn (corr)"]
[EventRounds "10"]
[EventCountry "GER"]
[SourceTitle "Telechess CBM 157"]
[Source "ChessBase"]
[SourceDate "2013.11.12"]
[SourceVersion "1"]
[SourceVersionDate "2013.11.12"]
[SourceQuality "1"]

1. e4 e6 2. d4 d5 3. Nd2 Be7 4. e5 c5 5. Qg4 Bf8 6. dxc5 Nd7 7. Ngf3 Qc7 8. Nb3 Nxe5 9. Nxe5 Qxe5+ 10. Be3 Nf6 11. Bb5+ Bd7 12. Bxd7+ Nxd7 13. 0-0-0 Be7 14. h4 Bf6 15. c3 0-0-0 16. Qa4 Qb8 17. Kb1 Qa8 18. g4 Be7 19. c4 dxc4 20. Qxc4 h6 21. Bf4 Nf6 22. Nd4 0-1

[Event "LSS BI-2010-P-00002"]
[Site "LSS email"]
[Date "2010.04.19"]
[Round "?"]
[White "Bujdak, Pavol"]
[Black "Koslovska, Maria"]
[Result "1/2-1/2"]
[WhiteElo "1796"]
[BlackElo "1907"]
[PlyCount "67"]
[EventDate "2010.04.22"]
[EventType "tourn (corr)"]
[EventRounds "10"]
[EventCountry "GER"]
[SourceTitle "Telechess CBM 141"]
[Source "ChessBase"]
[SourceDate "2011.03.17"]
[SourceVersion "1"]
[SourceVersionDate "2011.03.17"]
[SourceQuality "1"]

1. e4 c5 2. Nf3 d6 3. d4 cxd4 4. Nxd4 Nf6 5. Nc3 a6 6. Be2 Nbd7 7. 0-0 e6 8. f4 b5 9. Bf3 Bb7 10. e5 Bxf3 11. Nxf3 Ng4 12. Qe2 Qb6+ 13. Kh1 h5 14. exd6 Bxd6 15. f5 Bc5 16. Nd5 Qc6 17. fxe6 Qxd5 18. exd7+ Kxd7 19. Be3 Kc7 20. Bxc5 Qxc5 21. a4 f6 22. axb5 axb5 23. Rxa8 Rxa8 24. h3 Ne5 25. Rd1 Rd8 26. Re1 Nc6 27. c3 g5 28. Nd4 Nxd4 29. cxd4 Rxd4 30. Qe8 Kb6 31. Qxh5 Rd3 32. Rf1 Qd4 33. Qe2 Ka5 34. Ra1+ 1/2-1/2

[Event "LSS BI-2010-P-00002"]
[Site "LSS email"]
[Date "2010.04.19"]
[Round "?"]
[White "Koslovska, Maria"]
[Black "Schnoewitz, Brigitte"]
[Result "1-0"]
[WhiteElo "1879"]
[BlackElo "1104"]
[PlyCount "31"]
[EventDate "2010.04.22"]
[EventType "tourn (corr)"]
[EventRounds "10"]
[EventCountry "GER"]
[SourceTitle "Corr 2013"]
[Source "ChessBase"]
[SourceDate "2012.11.12"]
[SourceVersion "1"]
[SourceVersionDate "2012.11.12"]
[SourceQuality "1"]

1. Nf3 c5 2. e4 Nc6 3. Bb5 d6 4. 0-0 Nf6 5. Re1 e6 6. Nc3 a6 7. Bxc6+ bxc6 8. e5 dxe5 9. Nxe5 Bb7 10. d3 Be7 11. Qf3 Rc8 12. Qg3 g6 13. Bh6 Bf8 14. Qh3 Nh5 15. Nxf7 Qf6 16. Nd6+ 1-0

[Event "LSS WC-2014-P-00023"]
[Site "LSS email"]
[Date "2010.02.18"]
[Round "?"]
[White "Konstantinov, Maxim"]
[Black "Koslovska, Maria"]
[Result "1/2-1/2"]
[WhiteElo "1999"]
[BlackElo "1908"]
[PlyCount "66"]
[EventDate "2010.02.24"]
[EventType "tourn (corr)"]
[EventRounds "6"]
[EventCountry "GER"]
[SourceTitle "Telechess CBM 141"]
[Source "ChessBase"]
[SourceDate "2011.03.17"]
[SourceVersion "1"]
[SourceVersionDate "2011.03.17"]
[SourceQuality "1"]

1. d4 Nf6 2. c4 e6 3. Nf3 d5 4. Nc3 c6 5. e3 Nbd7 6. Bd3 dxc4 7. Bxc4 b5 8. Bd3 Bb7 9. 0-0 a6 10. e4 c5 11. d5 Qc7 12. dxe6 fxe6 13. Bc2 c4 14. Ne2 0-0-0 15. Ned4 Ne5 16. Bf4 Nxf3+ 17. Qxf3 Qb6 18. Ne2 Bc5 19. b3 Rdf8 20. a4 g5 21. a5 Qa7 22. Be5 Nd7 23. Bxh8 Rxf3 24. gxf3 Nf8 25. bxc4 Ng6 26. Bf6 Bc6 27. cxb5 Bxb5 28. Bd1 Nh4 29. Rc1 Nxf3+ 30. Kg2 g4 31. Nd4 Bxf1+ 32. Kxf1 Nd2+ 33. Kg1 Nxe4 1/2-1/2

[Event "LSS WC-2014-P-00023"]
[Site "LSS email"]
[Date "2010.02.18"]
[Round "?"]
[White "Koslovska, Maria"]
[Black "Janosi, Ervin"]
[Result "1-0"]
[WhiteElo "1879"]
[BlackElo "1849"]
[PlyCount "49"]
[EventDate "2010.02.24"]
[EventType "tourn (corr)"]
[EventRounds "6"]
[EventCountry "GER"]
[SourceTitle "Telechess CBM 147"]
[Source "ChessBase"]
[SourceDate "2012.03.16"]
[SourceVersion "1"]
[SourceVersionDate "2012.03.16"]
[SourceQuality "1"]

1. e4 c5 2. Nf3 d6 3. d4 cxd4 4. Nxd4 Nf6 5. f3 e5 6. Nb3 Be6 7. c4 a5 8. Be3 a4 9. N3d2 Be7 10. Be2 0-0 11. Nc3 a3 12. 0-0 Nh5 13. Nd5 axb2 14. Rb1 Bg5 15. Bb6 Qc8 16. Rxb2 Nd7 17. Bf2 Nf4 18. Nb1 Bxd5 19. cxd5 Nc5 20. Nc3 Qc7 21. Bb5 Rfc8 22. Ne2 Ra3 23. Nxf4 Bxf4 24. Rc2 Qa5 25. Qe2 1-0

[Event "LSS WC-2014-P-00023"]
[Site "LSS email"]
[Date "2010.02.18"]
[Round "?"]
[White "Stepanov, Valery Anatolievich"]
[Black "Koslovska, Maria"]
[Result "1-0"]
[WhiteElo "1609"]
[BlackElo "1878"]
[PlyCount "95"]
[EventDate "2010.02.24"]
[EventType "tourn (corr)"]
[EventRounds "6"]
[EventCountry "GER"]
[SourceTitle "Telechess CBM 141"]
[Source "ChessBase"]
[SourceDate "2011.03.17"]
[SourceVersion "1"]
[SourceVersionDate "2011.03.17"]
[SourceQuality "1"]

1. d4 Nf6 2. c4 g6 3. g3 Bg7 4. Nf3 0-0 5. Bg2 c6 6. Nc3 d6 7. 0-0 Qa5 8. e4 Qh5 9. e5 dxe5 10. Nxe5 Qxd1 11. Rxd1 Nbd7 12. f4 Nb6 13. h3 Rd8 14. a4 Be6 15. a5 Nxc4 16. a6 Rab8 17. axb7 Nxe5 18. dxe5 Nd5 19. Rxa7 Rd7 20. Ra6 Rdxb7 21. Rxc6 Nxc3 22. Rxc3 Ra7 23. Be3 Ra2 24. b4 f6 25. Rc6 Bb3 26. Rd3 Rxb4 27. Bd2 Rxd2 28. Rxd2 fxe5 29. Rb2 e4 30. Rb1 Kf8 31. Bxe4 Rxe4 32. Rxb3 Re2 33. Kf1 Rd2 34. Re3 Bf6 35. Ke1 Ra2 36. h4 Kf7 37. Rd3 Ra5 38. Re3 Ra2 39. Re2 Ra5 40. Kf1 Rd5 41. Rec2 Rd1+ 42. Kg2 h6 43. R6c5 h5 44. Re2 Bd4 45. Rd5 Rg1+ 46. Kh2 Rd1 47. Kh3 Rh1+ 48. Rh2 1-0

[Event "LSS BI-2009-F-00007"]
[Site "LSS email"]
[Date "2010.02.15"]
[Round "?"]
[White "Koslovska, Maria"]
[Black "Zakharov, Oleg Yu"]
[Result "0-1"]
[WhiteElo "1863"]
[BlackElo "2181"]
[PlyCount "104"]
[EventDate "2010.02.17"]
[EventType "tourn (corr)"]
[EventRounds "10"]
[EventCountry "GER"]
[SourceTitle "Corr 2022"]
[Source "ChessBase"]
[SourceDate "2021.10.24"]
[SourceVersion "1"]
[SourceVersionDate "2021.10.24"]
[SourceQuality "1"]

1. e4 c5 2. Nf3 d6 3. d4 cxd4 4. Nxd4 Nf6 5. f3 Nc6 6. Nc3 e5 7. Nb3 Be7 8. Be3 Be6 9. Qe2 a5 10. 0-0-0 a4 11. Nc5 a3 12. Nxe6 axb2+ 13. Kxb2 fxe6 14. Qb5 Kf7 15. Be2 Qd7 16. f4 Rhc8 17. Rhf1 Kg8 18. a4 Kh8 19. Kb1 exf4 20. Rxf4 Qe8 21. Qb2 Nd7 22. Bb5 Bf6 23. Rxd6 Be5 24. Rd2 Nf6 25. g3 Qg6 26. Rh4 Nxe4 27. Rxe4 Bxc3 28. Qxc3 Qxe4 29. Bc5 Na7 30. Rd7 e5 31. Bd3 Qg4 32. Rxb7 Rab8 33. Qb2 Rxb7 34. Qxb7 Rxc5 35. Qxa7 Qb4+ 36. Kc1 Rc8 37. Qe3 Qxa4 38. Qxe5 Re8 39. Qc3 Qa7 40. Bb5 Ra8 41. Qe5 Qg1+ 42. Kd2 Qxh2+ 43. Kc1 Qg1+ 44. Kd2 Qf2+ 45. Kc1 Rc8 46. Bd3 Qc5 47. Qxc5 Rxc5 48. g4 Rg5 49. Be2 g6 50. Kd1 h5 51. gxh5 gxh5 52. Bf1 Kg7 0-1

[Event "LSS BI-2009-F-00007"]
[Site "LSS email"]
[Date "2010.02.15"]
[Round "?"]
[White "Osipov, Anatoly Vladimirovi"]
[Black "Koslovska, Maria"]
[Result "0-1"]
[WhiteElo "1789"]
[BlackElo "1881"]
[PlyCount "74"]
[EventDate "2010.02.17"]
[EventType "tourn (corr)"]
[EventRounds "10"]
[EventCountry "GER"]
[SourceTitle "Telechess CBM 141"]
[Source "ChessBase"]
[SourceDate "2011.03.17"]
[SourceVersion "1"]
[SourceVersionDate "2011.03.17"]
[SourceQuality "1"]

1. e4 e5 2. Nf3 Nc6 3. Bc4 Bc5 4. c3 Nf6 5. d4 exd4 6. e5 d5 7. Bb5 Ne4 8. cxd4 Bb6 9. 0-0 0-0 10. Be3 Bg4 11. Bxc6 bxc6 12. Qc1 f5 13. Nc3 f4 14. Bxf4 Qd7 15. Re1 Qf5 16. Be3 Bxf3 17. gxf3 Qxf3 18. Qd1 Qf5 19. Nxe4 Qxe4 20. Rc1 c5 21. dxc5 Ba5 22. Re2 Qg4+ 23. Kf1 Qf3 24. Kg1 d4 25. Bxd4 Rf4 26. Qb3+ Qxb3 27. axb3 Rxd4 28. Rc4 Rad8 29. e6 Rxc4 30. bxc4 Rd1+ 31. Kg2 Re1 32. Rxe1 Bxe1 33. f4 Kf8 34. Kf3 a5 35. b3 Ke7 36. f5 c6 37. Kf4 Bf2 0-1

[Event "LSS RB-2009-0-00072"]
[Site "LSS email"]
[Date "2009.12.15"]
[Round "?"]
[White "Koslovska, Maria"]
[Black "Jordaan, Wayne"]
[Result "1/2-1/2"]
[WhiteElo "1874"]
[BlackElo "1764"]
[PlyCount "75"]
[EventDate "2009.11.14"]
[EventType "tourn (corr)"]
[EventRounds "6"]
[EventCountry "GER"]
[SourceTitle "Corr 2013"]
[Source "ChessBase"]
[SourceDate "2012.11.12"]
[SourceVersion "1"]
[SourceVersionDate "2012.11.12"]
[SourceQuality "1"]

1. Nf3 d5 2. d4 Nf6 3. c4 e6 4. Nc3 Be7 5. Bg5 h6 6. Bh4 0-0 7. e3 b6 8. Bd3 Bb7 9. 0-0 Nbd7 10. Bg3 c5 11. Qe2 Ne4 12. cxd5 exd5 13. Rad1 Qc8 14. Qc2 Nxg3 15. hxg3 Nf6 16. Rfe1 Qc7 17. e4 dxe4 18. Nxe4 Rae8 19. Rc1 a6 20. b3 Bxe4 21. Bxe4 Bd6 22. a4 a5 23. Qd3 Re7 24. Qb1 Rd8 25. Kf1 g6 26. Re2 Qd7 27. Rd1 c4 28. bxc4 Rxe4 29. Rxe4 Nxe4 30. Qxe4 Qxa4 31. Rc1 Rc8 32. Qd5 Qc6 33. Qxc6 Rxc6 34. Ke2 a4 35. Kd3 Rc8 36. Rb1 Bc7 37. Ne1 Ra8 38. Nc2 1/2-1/2

[Event "LSS CP-2009-P-00040"]
[Site "LSS email"]
[Date "2009.09.27"]
[Round "?"]
[White "Podgursky, Artur"]
[Black "Koslovska, Maria"]
[Result "1-0"]
[WhiteElo "2246"]
[BlackElo "1860"]
[PlyCount "81"]
[EventDate "2009.10.01"]
[EventType "tourn (corr)"]
[EventRounds "6"]
[EventCountry "GER"]
[SourceTitle "Corr 2013"]
[Source "ChessBase"]
[SourceDate "2012.11.12"]
[SourceVersion "1"]
[SourceVersionDate "2012.11.12"]
[SourceQuality "1"]
[WhiteTeam "US of America"]
[BlackTeam "US of America"]
[WhiteTeamCountry "USA"]
[BlackTeamCountry "USA"]

1. d4 d5 2. c4 c6 3. cxd5 cxd5 4. Nc3 Nf6 5. f3 Nc6 6. e4 e6 7. e5 Nd7 8. f4 Be7 9. Nf3 0-0 10. Bd3 Qb6 11. a3 g6 12. Bc2 Qc7 13. h4 h5 14. Ng5 Qb6 15. Ne2 a5 16. Qd2 a4 17. g4 hxg4 18. h5 Bxg5 19. fxg5 Ndxe5 20. dxe5 Nxe5 21. Ng1 gxh5 22. Qf4 Ng6 23. Qf6 Qc7 24. Bxg6 fxg6 25. Qxg6+ Qg7 26. Qxh5 e5 27. Bd2 Bd7 28. Rc1 Bf5 29. Rc7 Qxc7 30. Qh8+ Kf7 31. Rh7+ Ke6 32. Rh6+ Bg6 33. Rxg6+ Kf5 34. Rf6+ Rxf6 35. Qxf6+ Ke4 36. Qg6+ Kd4 37. Ne2+ Kc5 38. Bb4+ Kb5 39. Nc3+ Kc4 40. Qc2 Qc6 41. Kd2 1-0

[Event "LSS SC-2009-0-00033"]
[Site "LSS email"]
[Date "2009.06.02"]
[Round "?"]
[White "Traczewski, Wojciech"]
[Black "Koslovska, Maria"]
[Result "0-1"]
[WhiteElo "1382"]
[BlackElo "1879"]
[PlyCount "140"]
[EventDate "2009.04.05"]
[EventType "tourn (corr)"]
[EventRounds "6"]
[EventCountry "GER"]
[SourceTitle "Corr 2013"]
[Source "ChessBase"]
[SourceDate "2012.11.12"]
[SourceVersion "1"]
[SourceVersionDate "2012.11.12"]
[SourceQuality "1"]
[WhiteTeam "US of America"]
[BlackTeam "US of America"]
[WhiteTeamCountry "USA"]
[BlackTeamCountry "USA"]

1. e4 c5 2. d4 cxd4 3. c3 dxc3 4. Nxc3 e6 5. Nf3 Nc6 6. Bc4 a6 7. 0-0 Nge7 8. Bg5 f6 9. Be3 b5 10. Bb3 Na5 11. Bxe6 dxe6 12. Qxd8+ Kxd8 13. Bb6+ Ke8 14. Bxa5 Ng6 15. Rfd1 Bb7 16. a3 Be7 17. Rd2 Rc8 18. Rad1 Kf7 19. Kf1 Rhe8 20. Rd7 Bc6 21. R7d2 h5 22. Bb4 Red8 23. Bxe7 Rxd2 24. Nxd2 Kxe7 25. Nb3 Ne5 26. Nc5 Nc4 27. b4 Nxa3 28. Nxa6 Ra8 29. Nc5 Nc2 30. Rb1 Ra3 31. Ne2 e5 32. f3 Ra2 33. g3 g6 34. h4 Ra3 35. Kf2 f5 36. Rb2 Ne3 37. Rb1 fxe4 38. fxe4 Ng4+ 39. Ke1 Nf6 40. Rc1 Bxe4 41. Nc3 Bc6 42. Kd2 Nd5 43. Nxd5+ Bxd5 44. Re1 Kd6 45. Re3 Ra2+ 46. Kc3 Ra1 47. Kc2 Bc4 48. Ne4+ Kc6 49. Nc5 Kd5 50. Kd2 Ra8 51. Nd7 Ra2+ 52. Kc3 Ke6 53. Nc5+ Kd6 54. Ne4+ Ke7 55. Nc5 Ra3+ 56. Kd2 Rxe3 57. Kxe3 Bd5 58. Na6 Kf6 59. Nc5 Bg2 60. Nd3 Ke6 61. Ne1 Bd5 62. Nd3 Bh1 63. Nf2 Bg2 64. Nd1 Kd5 65. Kd2 Kd4 66. Nf2 Be4 67. g4 Bf3 68. gxh5 Bxh5 69. Nd3 e4 70. Nf4 e3+ 0-1

[Event "LSS SC-2009-0-00030"]
[Site "LSS email"]
[Date "2009.05.02"]
[Round "?"]
[White "Gasanov, Engels G"]
[Black "Koslovska, Maria"]
[Result "1/2-1/2"]
[WhiteElo "1810"]
[BlackElo "1738"]
[PlyCount "60"]
[EventDate "2009.02.26"]
[EventType "tourn (corr)"]
[EventRounds "6"]
[EventCountry "GER"]
[SourceTitle "Corr 2011"]
[Source "ChessBase"]
[SourceDate "2010.08.31"]
[SourceVersion "1"]
[SourceVersionDate "2010.08.31"]
[SourceQuality "1"]

1. Nf3 Nf6 2. e3 e6 3. c4 d5 4. Nc3 c5 5. d4 a6 6. a4 dxc4 7. Bxc4 Nc6 8. 0-0 Be7 9. Qe2 0-0 10. Rd1 cxd4 11. exd4 Nd5 12. Bb3 Re8 13. h4 Ncb4 14. h5 h6 15. Ne5 Nc6 16. Qf3 Nf6 17. Ne4 Nxd4 18. Qe3 Nxb3 19. Rxd8 Rxd8 20. Qxb3 Nxe4 21. Qf3 Nf6 22. Bf4 Rd5 23. Rd1 b5 24. Rxd5 exd5 25. Qc3 Bf5 26. Qc6 Rc8 27. Qb7 Re8 28. axb5 axb5 29. Qxb5 Bd6 30. Ng6 Re1+ 1/2-1/2

[Event "LSS SC-2009-0-00030"]
[Site "LSS email"]
[Date "2009.05.02"]
[Round "?"]
[White "Van Esbroeck, Jeff"]
[Black "Koslovska, Maria"]
[Result "1/2-1/2"]
[WhiteElo "1800"]
[BlackElo "1738"]
[PlyCount "56"]
[EventDate "2009.02.26"]
[EventType "tourn (corr)"]
[EventRounds "6"]
[EventCountry "GER"]
[SourceTitle "Corr 2011"]
[Source "ChessBase"]
[SourceDate "2010.08.31"]
[SourceVersion "1"]
[SourceVersionDate "2010.08.31"]
[SourceQuality "1"]

1. e4 c5 2. Nf3 d6 3. Bc4 Nf6 4. Nc3 e6 5. 0-0 Nc6 6. Re1 Bd7 7. d4 cxd4 8. Nxd4 Be7 9. Be3 0-0 10. h3 Qa5 11. Nb3 Qc7 12. Be2 Ne5 13. Qd4 Rfc8 14. Nd2 b5 15. Nxb5 Bxb5 16. Bxb5 Qxc2 17. Ba6 Rc7 18. b3 Ng6 19. Kh2 d5 20. Rec1 Bd6+ 21. g3 Qxc1 22. Rxc1 Rxc1 23. Bb7 Be5 24. Qa4 Rd8 25. Nc4 Rc2 26. Nxe5 Nxe5 27. Qa5 Re8 28. exd5 exd5 1/2-1/2

[Event "LSS BI-2009-P-00017"]
[Site "LSS email"]
[Date "2009.04.19"]
[Round "?"]
[White "Koslovska, Maria"]
[Black "D'Emilia, Jack"]
[Result "1-0"]
[WhiteElo "1618"]
[BlackElo "1264"]
[PlyCount "63"]
[EventDate "2009.04.20"]
[EventType "tourn (corr)"]
[EventRounds "10"]
[EventCountry "GER"]
[SourceTitle "Corr 2011"]
[Source "ChessBase"]
[SourceDate "2010.08.31"]
[SourceVersion "1"]
[SourceVersionDate "2010.08.31"]
[SourceQuality "1"]

1. Nf3 d5 2. g3 Nc6 3. d4 Nf6 4. Bg2 e6 5. c4 Bb4+ 6. Bd2 Bxd2+ 7. Nbxd2 0-0 8. 0-0 Ne4 9. Nxe4 dxe4 10. Ne5 Nxe5 11. dxe5 Qxd1 12. Raxd1 f5 13. exf6 Rxf6 14. Bxe4 c5 15. Rd8+ Rf8 16. Bxh7+ Kxh7 17. Rxf8 b6 18. Rd1 Bb7 19. Rxa8 Bxa8 20. Rd7 a5 21. f3 Kg6 22. Rd6 Kf5 23. Rxb6 a4 24. Rb5 Kf6 25. Rxc5 Ke7 26. Rc8 Bxf3 27. exf3 g6 28. h3 Kd7 29. Rg8 Kc6 30. Rxg6 Kc5 31. h4 Kxc4 32. h5 1-0

[Event "LSS BI-2009-P-00017"]
[Site "LSS email"]
[Date "2009.04.19"]
[Round "?"]
[White "Koslovska, Maria"]
[Black "Ruslin, Alexey"]
[Result "1-0"]
[WhiteElo "1738"]
[BlackElo "997"]
[PlyCount "43"]
[EventDate "2009.04.20"]
[EventType "tourn (corr)"]
[EventRounds "10"]
[EventCountry "GER"]
[SourceTitle "Corr 2011"]
[Source "ChessBase"]
[SourceDate "2010.08.31"]
[SourceVersion "1"]
[SourceVersionDate "2010.08.31"]
[SourceQuality "1"]

1. Nf3 b6 2. g3 Bb7 3. Bg2 e6 4. c4 Nf6 5. d4 c5 6. d5 exd5 7. Nh4 Na6 8. Nc3 Nc7 9. 0-0 Be7 10. Nf5 0-0 11. cxd5 d6 12. e4 Ba6 13. Re1 Re8 14. e5 Rb8 15. exf6 Bxf6 16. Ne4 Nxd5 17. Qxd5 Re5 18. Nxf6+ Qxf6 19. Rxe5 dxe5 20. Nd6 Rd8 21. Bg5 Qxd6 22. Bxd8 1-0

[Event "LSS BI-2009-P-00017"]
[Site "LSS email"]
[Date "2009.04.19"]
[Round "?"]
[White "Llorente Alvarez, Jose Luis"]
[Black "Koslovska, Maria"]
[Result "1-0"]
[WhiteElo "2122"]
[BlackElo "1818"]
[PlyCount "105"]
[EventDate "2009.04.20"]
[EventType "tourn (corr)"]
[EventRounds "10"]
[EventCountry "GER"]
[SourceTitle "Corr 2011"]
[Source "ChessBase"]
[SourceDate "2010.08.31"]
[SourceVersion "1"]
[SourceVersionDate "2010.08.31"]
[SourceQuality "1"]

1. e4 c5 2. Nf3 d6 3. d4 Nf6 4. Nc3 cxd4 5. Nxd4 Nc6 6. Bg5 Bd7 7. Qd2 Nxd4 8. Qxd4 h6 9. Bxf6 gxf6 10. 0-0-0 Qa5 11. f4 Rc8 12. Kb1 Rg8 13. g3 Bg7 14. f5 h5 15. Be2 Rh8 16. h4 Qc5 17. Qd3 a5 18. Qf3 e6 19. Rd3 Qe5 20. Rhd1 Bf8 21. a4 Bc6 22. Bf1 Kd8 23. Qe3 Ke8 24. Qb6 Qc5 25. Qb3 Qb4 26. Qa2 e5 27. Nd5 Bxd5 28. Rxd5 Qxe4 29. Bd3 Qg4 30. Bb5+ Kd8 31. Rxd6+ Bxd6 32. Rxd6+ Kc7 33. Rd7+ Kb8 34. Qd5 Rc7 35. Rxc7 Kxc7 36. Qxf7+ Kb8 37. Qxf6 Qd1+ 38. Ka2 Rd8 39. Qxe5+ Qd6 40. Qxd6+ Rxd6 41. Be8 Rf6 42. Bxh5 Rxf5 43. Bg6 Rf3 44. g4 Rf4 45. Bf5 Rxa4+ 46. Kb3 Ra1 47. g5 a4+ 48. Kc3 Rh1 49. g6 Kc7 50. Be6 Rg1 51. h5 Rg3+ 52. Kb4 a3 53. bxa3 1-0

[Event "LSS BI-2009-P-00017"]
[Site "LSS email"]
[Date "2009.04.19"]
[Round "?"]
[White "Sidenko, Anatoly Viktorovich"]
[Black "Koslovska, Maria"]
[Result "1/2-1/2"]
[WhiteElo "2199"]
[BlackElo "1818"]
[PlyCount "123"]
[EventDate "2009.04.20"]
[EventType "tourn (corr)"]
[EventRounds "10"]
[EventCountry "GER"]
[SourceTitle "Telechess CBM 137"]
[Source "ChessBase"]
[SourceDate "2010.07.15"]
[SourceVersion "1"]
[SourceVersionDate "2010.07.15"]
[SourceQuality "1"]

1. e4 c5 2. Nf3 d6 3. d4 Nf6 4. dxc5 Nxe4 5. cxd6 Nc6 6. Be3 Qxd6 7. Qxd6 exd6 8. Nbd2 Nxd2 9. Bxd2 d5 10. 0-0-0 Be6 11. Be3 f6 12. Bb5 Kf7 13. Ba4 h5 14. Rhe1 h4 15. Rd2 Rd8 16. h3 Bd6 17. c3 a6 18. Bb3 Rh5 19. Bd1 Rhh8 20. Bb6 Rde8 21. Bc2 Rh5 22. Ba4 g6 23. Bc2 Bf4 24. Be3 Bd6 25. Bd1 Bc8 26. Nd4 Rhe5 27. Ba4 Bd7 28. Red1 Rh5 29. Ne2 Be6 30. Bb3 Ne7 31. Nf4 Bxf4 32. Bxf4 Rd8 33. Re1 Nc6 34. Rde2 Bf5 35. Rd1 Be6 36. Bh2 Rd7 37. Rde1 Bf5 38. Rd2 Be6 39. f4 Na5 40. Bd1 Rh8 41. Bg1 Nc4 42. Rd3 Nd6 43. Bb6 Re7 44. Bb3 Nc4 45. Bf2 b5 46. Rd4 Ree8 47. Bd1 Nd6 48. Bf3 Ne4 49. Re2 Re7 50. Bxe4 dxe4 51. Rdxe4 Rhe8 52. Bc5 Rc7 53. b4 Rcc8 54. R4e3 Bc4 55. Rd2 Rxe3 56. Bxe3 Re8 57. Bf2 Re2 58. Bxh4 Rxd2 59. Kxd2 Bf1 60. Bf2 Bxg2 61. h4 Ke6 62. Ba7 1/2-1/2

[Event "LSS BI-2008-F-00010"]
[Site "LSS email"]
[Date "2009.03.02"]
[Round "?"]
[White "Koslovska, Maria"]
[Black "Andersen, Lars Kirstein"]
[Result "0-1"]
[WhiteElo "1818"]
[BlackElo "2052"]
[PlyCount "80"]
[EventDate "2009.03.03"]
[EventType "tourn (corr)"]
[EventRounds "10"]
[EventCountry "GER"]
[SourceTitle "Telechess CBM 137"]
[Source "ChessBase"]
[SourceDate "2010.07.15"]
[SourceVersion "1"]
[SourceVersionDate "2010.07.15"]
[SourceQuality "1"]

1. Nf3 Nf6 2. c4 b6 3. g3 Ba6 4. Nc3 Bxc4 5. Ne5 Ba6 6. Bg2 c6 7. 0-0 e6 8. d4 Be7 9. Qa4 0-0 10. Bf3 Bb7 11. Bd2 d5 12. e4 b5 13. Qc2 b4 14. exd5 cxd5 15. Na4 Nbd7 16. Nxd7 Nxd7 17. Rfc1 Rc8 18. Qd1 Bc6 19. Qb3 a5 20. a3 Nb6 21. Nxb6 Qxb6 22. Qe3 h6 23. axb4 axb4 24. Be2 Bb5 25. Bxb5 Qxb5 26. b3 Bf6 27. Rxc8 Rxc8 28. Ra4 Bg5 29. Qe1 Bxd2 30. Qxd2 Rc3 31. Ra8+ Kh7 32. Ra4 f5 33. Qd1 Qc6 34. Kg2 Rc1 35. Qd3 Qc3 36. Qxc3 bxc3 37. Ra7 e5 38. dxe5 d4 39. Rd7 Re1 40. Rc7 Rxe5 0-1

[Event "LSS BI-2008-F-00010"]
[Site "LSS email"]
[Date "2009.03.02"]
[Round "?"]
[White "Koslovska, Maria"]
[Black "Iacobitz, Lucian Valentin"]
[Result "1/2-1/2"]
[WhiteElo "1738"]
[BlackElo "2051"]
[PlyCount "106"]
[EventDate "2009.03.03"]
[EventType "tourn (corr)"]
[EventRounds "10"]
[EventCountry "GER"]
[SourceTitle "Corr 2011"]
[Source "ChessBase"]
[SourceDate "2010.08.31"]
[SourceVersion "1"]
[SourceVersionDate "2010.08.31"]
[SourceQuality "1"]

1. Nf3 d5 2. d4 Nf6 3. c4 c6 4. Nc3 e6 5. e3 Nbd7 6. Qc2 Bd6 7. Bd3 0-0 8. 0-0 dxc4 9. Bxc4 e5 10. h3 exd4 11. exd4 Nb6 12. Bb3 h6 13. Qd3 a5 14. Re1 Nbd5 15. Ne5 Be6 16. Qg3 Nh5 17. Qf3 Nhf6 18. Bd2 Nc7 19. Rad1 Bxb3 20. axb3 Ncd5 21. Qg3 Ne7 22. Re2 Ng6 23. Qf3 Bc7 24. Qf5 Ne7 25. Qc2 Ned5 26. Qd3 Qd6 27. Qg3 Rae8 28. Nxd5 cxd5 29. Qd3 Ne4 30. Bf4 Qf6 31. Bh2 Qb6 32. Rc2 Re7 33. Bf4 Rfe8 34. Rdc1 Bb8 35. Be3 Qe6 36. Ra1 Bc7 37. f3 Ng3 38. Bf4 Qf5 39. Rxc7 Qxf4 40. Rxe7 Rxe7 41. b4 Qxd4+ 42. Qxd4 Ne2+ 43. Kf1 Nxd4 44. Nd3 axb4 45. Nxb4 Rd7 46. Ra5 Nf5 47. Ke2 Ne7 48. Rb5 g5 49. g4 Kg7 50. Kd2 d4 51. Nd3 Ng6 52. Nc5 Rd5 53. b4 Ne5 1/2-1/2